A Csehszlovák testnevelési szövetség szlovákiai alakuló kongresszusa Bratislava, 2.-3. 4. 1957

Bibliographic Details
Format: Book
Language:Hungarian
PhysicalDescription:51, [1] s. 8°
Published: Bratislava Šport Oddelenie orgánov SÚV ČSTV 1957
Subjects:

MARC

LEADER 00000nam a2200000 a 4500
001 vtls008320657
003 SK-MaSNL
005 20260301074948.0
008 181127s1957 xo 000 hun
015 |a SKSNBA1958/01-00089 
035 |a SK01SNK19580012874 
035 |a SKM000015337 
040 |a SNK  |b slo  |c SNK  |e AACR2 
041 1 |a hun 
044 |a xo  |c SK 
080 |a 061.25:796(437.6)  |2 1981 
080 |a 796:061.25(437.6)  |2 1981 
245 1 0 |a A Csehszlovák testnevelési szövetség szlovákiai alakuló kongresszusa  |b Bratislava, 2.-3. 4. 1957 
260 |a Bratislava  |b Šport  |b Oddelenie orgánov SÚV ČSTV  |c 1957  |e Nitra  |f Nitrianske tlačiarne 
300 |a 51, [1] s.  |c 8° 
500 |a Vyd. odd. orgánov SÚV ČSTV 
563 |a 1500 výtl. 
610 0 7 |a Československý zväz telesnej výchovy  |e Slovenský zjazd  |d 1957  |2 SNK  |9 398391 
611 1 7 |a Československý zväz telesnej výchovy  |e Slovenský zjazd  |d 1957  |2 SNK  |9 398392 
655 7 |a knihy  |2 SNKPH  |9 307098 
852 |a Slovenská národná knižnica v Martine  |b 10000  |h SD 14595 
852 |a Slovenská národná knižnica v Martine  |b 10000  |h SD 14595 D1 
958 |a OND 
958 |a TL 
958 |a RK 
999 |c 648745  |d 650675 
952 |a SNK  |b SNK  |y PREZ  |7 0  |p 17A0519704  |o snkSD 14595  |i snkKSP 3859/57  |0 0  |1 0  |4 0  |d 2006-09-29  |l 0  |r 2025-11-27 00:00:00  |w 2026-02-23